00325nam a2200121Ia 4500008004100000041000800041082001700049100001700066245004000083250001400123260003500137300003100172240624s9999 xx 000 0 und d aeng a658.4034 TAH aTAHA HAMDY A aOPERATIONS RESEARCH AN INTORDUCTION a(7th ed.) c2004aNew DelhibPrentice-Hall axvi, : 830 : p. : cm. ; 23